| 000 | 006700000a22002170004500 | ||
|---|---|---|---|
| 003 | LK-CoMWRAF | ||
| 005 | 20231106161335.0 | ||
| 008 | 230817t1995 ||||| |||| 00| 0 eng d | ||
| 020 | _a8172234597 | ||
| 040 |
_aLK-CoMWRAF _dLK-CoMWRAF _eLK-CoMWRAF |
||
| 041 | _aeng | ||
| 082 |
_a294.342 _bLAM |
||
| 100 | _aLama. Dalai | ||
| 245 |
_aAwakening the mind, lightening the heart: _bcore teachings of Tibetan Buddhism |
||
| 260 |
_aNew Delhi: _bHarper Collins, _c1995 |
||
| 300 | _axv, 238 p. ; 21 cm. | ||
| 490 |
_aThe path to enlightenment series _v2 |
||
| 650 | _aSPIRITUAL LIFE-Buddhism | ||
| 650 | _aBuddhism--China--Tibet Autonomous Region--Doctrines | ||
| 942 | _cBK | ||
| 999 |
_c833 _d833 |
||